Mayne's Treatise on damages.

Saved in:
Bibliographic Details
Main Author: Mayne, John Dawson, 1828-1917.
Other Authors: Smith, Lumley, Sir, 1834-1918, (ed., Editor)
Format: Book
Language:English
Published: London, Stevens and Haynes, 1909.
Edition:8th ed.,
Series:20th-century legal treatises ; fiches 7,938-7,946.
Making of modern law
Subjects:
Tags: Add Tag
No Tags, Be the first to tag this record!
LEADER 01012nam a2200277I 4500
001 003589840-2
005 20161215021318.0
008 790910s1909 enk 000 0 eng
010 |a  10002337  
035 0 |a ocm05356469 
040 |a DLC  |c VAL  |d VAL  |d m.c.  |d HVL 
043 |a e-uk--- 
050 0 0 |a KD703.D3  |b M38 1909 
100 1 |a Mayne, John Dawson,  |d 1828-1917. 
245 1 0 |a Mayne's Treatise on damages.  |c By John D. Mayne ... 
250 |a 8th ed.,  |b by Lumley Smith ... 
260 |a London,  |b Stevens and Haynes,  |c 1909. 
300 |a L, 766 p.  |c 22cm. 
650 0 |a Damages  |z Great Britain. 
700 1 |a Smith, Lumley,  |c Sir,  |d 1834-1918,  |e ed. 
700 1 |a Smith, Lumley,  |c Sir,  |d 1834-1918,  |e editor. 
776 0 8 |i Online version:  |a Mayne, John D. (John Dawson), 1828-1917.  |t Mayne's Treatise on damages.  |b 8th ed.  |d London, Stevens and Haynes, 1909  |w (OCoLC)804448753 
830 0 |a 20th-century legal treatises ;  |v fiches 7,938-7,946.  |5 law 
830 0 |a Making of modern law  |5 net 
988 |a 20020608 
906 |0 DLC